Xarxa de Museus Locals : memòria ... memòria ...
Publicado:
Barcelona :
Diputació de Barcelona. Àrea de Cultura. Oficina de Patrimoni Cultural ,
2004
Descripción Física:
45 f., [41] p. : gràf., taules ; 30 cm
Materias:
Xarxa de Museus Locals -- Memòries
MARC
| LEADER | 00000nam a2200000Ia 4500 | ||
|---|---|---|---|
| 001 | 20940, 20941 | ||
| 008 | 160829s2004- xx 000 0 cat d | ||
| 080 | |a B-2-165, B-2-166 | ||
| 245 | |a Xarxa de Museus Locals : |b memòria ... | ||
| 260 | |a Barcelona : |b Diputació de Barcelona. Àrea de Cultura. Oficina de Patrimoni Cultural, |c 2004- | ||
| 300 | |a 45 f., [41] p. : |b gràf., taules ; |c 30 cm | ||
| 590 | |a Inclou reculls de premsa. | ||
| 590 | |a Continua amb el títol: Resum d'activitats | ||
| 650 | |a Xarxa de Museus Locals |x Memòries |9 46255 | ||
| 710 | 1 | |a Barcelona (Catalunya : Província). |b Oficina de Patrimoni Cultural |9 52675 | |
| 866 | |a 2004, 2005 | ||
| 901 | |a Arxiu | ||
| 942 | |n 1 | ||
| 952 | |0 0 |1 0 |4 0 |6 B2165_B2166 |7 1 |9 53109 |a Arxiu |b Arxiu |d 2016-12-01 |l 0 |o B-2-165, B-2-166 |p 20940, 20941 |r 2016-12-01 00:00:00 |w 2016-12-01 |y ARXIU | ||
| 999 | |c 56958 |d 56958 | ||